000 01630cam a2200397 i 4500
001 727203
003 EG-ScBUE
005 20250511104650.0
008 980708s1999 caua f b 001 0 eng d
020 _a9780804730679
020 _a0804730679 (pbk. : acid-free paper)
035 _a(DLC) 98035018
040 _aDLC
_beng
_erda
_cDLC
_dDLC
_dEG-ScBUE
082 0 4 _a306
_222
_bPRA
245 0 4 _aThe practice of cultural analysis :
_bexposing interdisciplinary interpretation /
_cedited by Mieke Bal with the assistance of Bryan Gonzales.
264 1 _aStandford, California :
_bStandford University Press,
_c1999.
300 _axix, 392 pages :
_billustrations ;
_c24 cm.
336 _2rdacontent
_atext
_btxt
337 _2rdamedia
_aunmediated
_bn
338 _2rdacarrier
_avolume
_bnc
490 0 _aCultural memory in the present
504 _aIncludes bibliographical references and index.
650 7 _aCulture.
_2BUEsh
650 7 _aHistory.
_2BUEsh
650 7 _aMemory.
_2BUEsh
653 _cMay2025
_bART
655 _vReading book
700 1 _aBal, Mieke,
_d1946-
_eeditor.
700 1 _aPearce-Gonzales, Bryan,
_d1977-
_eeditor.
856 4 2 _3Publisher description
_uhttp://www.loc.gov/catdir/description/cam029/98035018.html
856 4 1 _3Table of contents
_uhttp://www.loc.gov/catdir/toc/cam028/98035018.html
856 4 2 _3Contributor biographical information
_uhttp://www.loc.gov/catdir/enhancements/fy0710/98035018-b.html
906 _a7
_bcbc
_corignew
_d1
_eocip
_f19
_gy-gencatlg
942 _2ddc
_cBB
999 _c30961
_d30932